La consistance des theories formelles et le fondement des mathematiques.

שמור ב:
מידע ביבליוגרפי
מחבר ראשי: Meigne, Maurice
פורמט: ספר
שפה:English
יצא לאור: Paris : Cercle du livre, [1959].
סדרה:Les Grandes etudes
נושאים:
LEADER 00957nam a2200241 i 4500
001 c000031239
003 CARM
005 00000000000000.0
008 840313s1959 fr eng d
019 1 |a 9705145  |5 LACONCORD2021 
035 |a (OCoLC)3638052  |5 LACONCORD2021 
100 1 |a Meigne, Maurice. 
245 1 0 |a La consistance des theories formelles et le fondement des mathematiques. 
260 |a Paris :  |b Cercle du livre,  |c [1959]. 
300 |a 115 p. 
490 0 |a Les Grandes etudes 
500 |a Imprint covered by label: Librairie scientifique et technique Albert Blanchard, Paris. 
500 |a Bibliography: p. 105-111. 
650 0 |a Mathematics  |x Philosophy. 
650 0 |a Logic, Symbolic and mathematical. 
852 8 |b CARM  |h A2:AD10E0  |i C00441  |p 0017465  |f BK 
999 f f |i d44626a5-8dac-59e0-a74a-d3d14a314a82  |s d5691eb1-42e5-520e-8394-935f00f989ff 
952 f f |p Can circulate  |a CAVAL  |b CAVAL  |c CAVAL  |d CARM 1 Store  |e C00441  |f A2:AD10E0  |h Other scheme  |i book  |m 0017465